000
00345nam a2200157Ia 4500
003
OSt
005
20240222122853.0
008
170524s9999 xx 000 0 und d
020
_a
978-0070583894
040
_c
IIMT UNIVERSITY MEERUT
100
_a
Singh MD
245
0
_a
Power Electronics
260
_b
TMH
260
_c
2007
942
_2
ddc
_c
02
999
_c
5146
_d
5146